Central Library OPAC University of Rajshahi

The history of the four last years of the Queen / (Record no. 20175)

MARC details
000 -LEADER
fixed length control field 00819nam a2200253 a 4500
001 - CONTROL NUMBER
control field 20175
003 - CONTROL NUMBER IDENTIFIER
rucl marc code BD-RjUL
005 - DATE AND TIME OF LATEST TRANSACTION
control field 20211209000530.0
008 - FIXED-LENGTH DATA ELEMENTS--GENERAL INFORMATION
fixed length control field 140226r19641951enk 000 0 eng d
035 ## - SYSTEM CONTROL NUMBER
System control number (BD-RjUL)20237
System control number (OCoLC)4124968
040 ## - CATALOGING SOURCE
Original cataloging agency MOL
Transcribing agency MOL
Language of cataloging eng
Modifying agency BD-RjUL
041 ## - LANGUAGE CODE
Language code of text/sound track or separate title eng
082 04 - DEWEY DECIMAL CLASSIFICATION NUMBER
Classification number 942.07
Author mark and year SWH 1964
100 1# - MAIN ENTRY--PERSONAL NAME
Personal name Swift, Jonathan,
Dates associated with a name 1667-1745.
9 (RLIN) 62163
245 14 - TITLE STATEMENT
Title The history of the four last years of the Queen /
Statement of responsibility, etc. Jonathan Swift ; with an introduction by Harold Williams.
260 ## - PUBLICATION, DISTRIBUTION, ETC. (IMPRINT)
Place of publication, distribution, etc. Oxford :
Name of publisher, distributor, etc. Basil Blackwell,
Date of publication, distribution, etc. 1951 [reprinted 1964].
300 ## - PHYSICAL DESCRIPTION
Pagination xxxvi, 252 p. :
Size 20 cm.
650 #0 - SUBJECT ADDED ENTRY--TOPICAL TERM
Topical term or geographic name as entry element History
General subdivision Anne
Chronological subdivision 1702-1714.
Geographic subdivision Great Britain
9 (RLIN) 62164
700 1# - ADDED ENTRY--PERSONAL NAME
Personal name Williams, Harold,
Dates associated with a name 1880-1964.
830 #0 - SERIES ADDED ENTRY--UNIFORM TITLE
Volume number/sequential designation v.7
942 ## - ADDED ENTRY ELEMENTS (KOHA)
Source of classification or shelving scheme Dewey Decimal Classification
Koha item type Books
Holdings
Lost status Source of classification or shelving scheme Damaged status Not for loan Collection code Permanent Location Current Location Shelving location Date acquired Source of acquisition Cost, normal purchase price Total Checkouts Full call number Date last seen Copy number Koha item type
  Dewey Decimal Classification     Non-fiction Central Library, University of Rajshahi Central Library, University of Rajshahi   06/03/1973 Blackwell. 2.50   942.07 SWH 1964 26/02/2014 C-2 Books